Name a Country With Each Letter A-Z: Excluding First Letters! - Statistics

General Stats
  • This quiz has been taken 66 times
  • The average score is 19 of 26
Answer Stats
Answer % Correct
A Bahamas | Bahrain | Bangladesh | Barbados | Belarus | Bhutan | Bolivia | Bosnia and Herzegovina | Botswana | Brazil | Bulgaria | Burkina Faso | Cambodia | Cameroon | Canada | Cape Verde | Central African Republic | Chad | China | Colombia | Costa Rica | Croatia | Cuba | Democratic Republic of the Congo | Denmark | Dominica | Dominican Republic | East Timor | Ecuador | El Salvador | Equatorial Guinea | Eritrea | Estonia | Eswatini | Ethiopia | Federated States of Micronesia | Finland | France | Gabon | Gambia | Georgia | Germany | Ghana | Grenada | Guatemala | Guinea | Guinea-Bissau | Guyana | Haiti | Honduras | Hungary | Iceland | India | Indonesia | Iran | Iraq | Ireland | Israel | Italy | Ivory Coast | Japan | Jamaica | Jordan | Kazakhstan | Kenya | Kiribati | Kuwait | Kyrgyzstan | Laos | Latvia | Lebanon | Liberia | Libya | Lithuania | Madagascar | Malawi | Mali | Malaysia | Maldives | Malta | Marshall Islands | Mauritania | Mauritius | Moldova | Monaco | Mongolia | Mozambique | Myanmar | Namibia | Nauru | Nepal | Netherlands | New Zealand | Nicaragua | Nigeria | North Korea | North Macedonia | Norway | Oman | Pakistan | Palau | Panama | Papua New Guinea | Paraguay | Poland | Portugal | Qatar | Romania | Russia | Rwanda | Saint Kitts and Nevis | Saint Lucia | Saint Vincent and the Grenadines | Samoa | San Marino | São Tomé and Príncipe | Saudi Arabia | Senegal | Serbia | Sierra Leone | Singapore | Slovakia | Slovenia | Solomon Islands | Somalia | South Africa | South Korea | South Sudan | Spain | Sri Lanka | Sudan | Suriname | Switzerland | Syria | Taiwan | Tajikistan | Tanzania | Thailand | Tonga | Trinidad and Tobago | Tunisia | Turkmenistan | Tuvalu | Uganda | Ukraine | United Arab Emirates | United States | Uruguay | Uzbekistan | Vanuatu | Vatican City | Venezuela | Vietnam | Zambia | Zimbabwe
100%
E Algeria | Argentina | Armenia | Azerbaijan | Bangladesh | Belarus | Belgium | Belize | Benin | Bosnia and Herzegovina | Brunei | Cameroon | Cape Verde | Central African Republic | Chile | Czech Republic | Democratic Republic of the Congo | Denmark | Dominican Republic | Federated States of Micronesia | France | Georgia | Germany | Greece | Grenada | Guatemala | Guinea | Guinea-Bissau | Iceland | Indonesia | Ireland | Israel | Kenya | Lebanon | Lesotho | Liberia | Liechtenstein | Luxembourg | Maldives | Mexico | Montenegro | Mozambique | Nepal | Netherlands | New Zealand | Niger | Nigeria | North Korea | North Macedonia | Papua New Guinea | Peru | Philippines | Republic of the Congo | Saint Kitts and Nevis | Saint Vincent and the Grenadines | São Tomé and Príncipe | Senegal | Serbia | Seychelles | Sierra Leone | Singapore | Slovenia | South Korea | Suriname | Sweden | Switzerland | Turkey | Turkmenistan | Ukraine | United Arab Emirates | United Kingdom | United States | Uzbekistan | Venezuela | Vietnam | Yemen | Zimbabwe
92%
I Afghanistan | Albania | Algeria | Antigua and Barbuda | Argentina | Armenia | Australia | Austria | Azerbaijan | Bahrain | Belgium | Belize | Benin | Bolivia | Bosnia and Herzegovina | Brazil | Brunei |Bulgaria | Burkina Faso | Burundi | Cambodia | China | Central African Republic | Chile | Colombia | Costa Rica | Croatia | Czech Republic | Democratic Republic of the Congo | Djibouti | Dominica | Dominican Republic | East Timor | Equatorial Guinea | Eritrea | Estonia | Eswatini | Ethiopia | Federated States of Micronesia | Fiji | Finland | Gambia | Georgia | Guinea | Guinea-Bissau | Haiti | Jamaica | Kiribati | Kuwait | Latvia | Liberia | Libya | Liechtenstein | Lithuania | Malaysia | Malawi | Maldives | Mali | Marshall Islands | Mauritania | Mauritius | Mexico | Mongolia | Mozambique | Nicaragua | Niger | Nigeria | North Macedonia | Pakistan | Papua New Guinea | Philippines | Republic of the Congo | Romania | Russia | Saint Kitts and Nevis | Saint Lucia | Saint Vincent and the Grenadines | San Marino | São Tomé and Príncipe | Saudi Arabia | Serbia | Sierra Leone | Singapore | Slovakia | Slovenia | Solomon Islands | Somalia | South Africa | Spain | Sri Lanka | Suriname | Switzerland | Syria | Taiwan | Tajikistan | Tanzania | Thailand | Trinidad and Tobago | Tunisia | Turkmenistan | Ukraine | United Arab Emirates | United Kingdom | United States | Uzbekistan | Vatican City | Vietnam | Zambia | Zimbabwe
90%
G Afghanistan | Algeria | Angola | Antigua and Barbuda | Argentina | Bangladesh | Belgium | Bosnia and Herzegovina | Bulgaria | Democratic Republic of the Congo | Egypt | Equatorial Guinea | Hungary | Kyrgyzstan | Luxembourg | Madagascar | Mongolia | Montenegro | Nicaragua | Niger | Nigeria | Papua New Guinea | Paraguay | Portugal | Republic of the Congo | Saint Vincent and the Grenadines | Senegal | Singapore | Togo | Tonga | Trinidad and Tobago | Uganda | United Kingdom | Uruguay
88%
L Albania | Algeria | Angola | Australia | Bangladesh | Belarus | Belgium | Belize | Bolivia | Brazil | Bulgaria | Central African Republic | Chile | Colombia | Czech Republic | Democratic Republic of the Congo | Dominican Republic | El Salvador | Equatorial Guinea | Finland | Guatemala | Iceland | Ireland | Israel | Italy | Malaysia | Malawi | Maldives | Mali | Malta | Marshall Islands | Moldova | Mongolia | Nepal | Netherlands | New Zealand | Palau | Philippines | Poland | Portugal | Republic of the Congo | Saint Lucia | Senegal | Seychelles | Sierra Leone | Slovakia | Slovenia | Solomon Islands | Somalia | Sri Lanka Switzerland | Thailand | Tuvalu | Venezuela
86%
B Albania | Antigua and Barbuda | Azerbaijan | Cambodia | Central African Republic | Colombia | Cuba | Czech Republic | Democratic Republic of the Congo | Djibouti | Dominican Republic | Gabon | Gambia | Guinea-Bissau | Kiribati | Lebanon | Liberia | Libya | Luxembourg | Mozambique | Namibia | Republic of the Congo | Saudi Arabia | Serbia | Trinidad and Tobago | United Arab Emirates | Uzbekistan | Zambia | Zimbabwe
86%
D Andorra | Antigua and Barbuda | Bangladesh | Barbados | Bosnia and Herzegovina | Burundi | Cambodia | Canada | Cape Verde | Chad | Ecuador | El Salvador | Federated States of Micronesia | Finland | Grenada | Honduras | Iceland | India | Indonesia | Ireland | Jordan | Madagascar | Maldives | Marshall Islands | Moldova | Netherlands | New Zealand | North Macedonia | Poland | Rwanda | Saint Kitts and Nevis | Saint Vincent and the Grenadines | São Tomé and Príncipe | Saudi Arabia | Solomon Islands | South Sudan | Sudan | Sweden | Switzerland | Thailand | Trinidad and Tobago | Uganda | United Arab Emirates | United Kingdom | United States
86%
N Afghanistan | Albania | Andorra | Angola | Antigua and Barbuda | Argentina | Armenia | Azerbaijan | Bahrain | Bangladesh | Benin | Bhutan | Bosnia and Herzegovina | Botswana | Brunei | Burkina Faso | Burundi | Cameroon | Canada | Central African Republic | China | Democratic Republic of the Congo | Denmark | Dominica | Dominican Republic | Equatorial Guinea | Estonia | Eswatini | Federated States of Micronesia | Finland | France | Gabon | Germany | Ghana | Grenada | Guinea | Guinea-Bissau | Guyana | Honduras | Hungary | Iceland | India | Indonesia | Iran | Ireland | Japan | Jordan | Kazakhstan | Kenya | Kyrgyzstan | Lebanon |Liechtenstein | Lithuania | Mauritania | Monaco | Mongolia | Montenegro | Myanmar | Oman | Pakistan | Panama | Papua New Guinea | Philippines | Poland | Republic of the Congo | Romania | Rwanda | Saint Kitts and Nevis | Saint Lucia | Saint Vincent and the Grenadines | San Marino | Senegal | Sierra Leone | Singapore | Slovenia | Solomon Islands | South Sudan | Spain | Sri Lanka | Sudan | Suriname | Sweden | Switzerland | Tajikistan | Taiwan | Tanzania | Thailand | Tonga | Trinidad and Tobago | Tunisia | Turkmenistan | Uganda | Ukraine | United Arab Emirates | United Kingdom | United States | Uzbekistan | Vanuatu | Vatican City | Venezuela | Vietnam | Yemen
84%
H Afghanistan | Bahamas | Bahrain | Bangladesh | Bhutan | Bosnia and Herzegovina | Chad | Chile | China | Czech Republic | Democratic Republic of the Congo | Ethiopia | Ghana | Kazakhstan | Lesotho | Liechtenstein | Lithuania | Marshall Islands | Netherlands | North Korea | North Macedonia | Philippines | Republic of the Congo | Saint Vincent and the Grenadines | Seychelles | South Africa | South Korea | South Sudan | Thailand
84%
M Armenia | Bahamas | Belgium | Cambodia | Cameroon | Colombia | Comoros | Democratic Republic of the Congo | Denmark | Dominica | Dominican Republic | East Timor | Federated States of Micronesia | Gambia | Germany | Guatemala | Jamaica | Luxembourg | Namibia | North Macedonia | Oman | Panama | Romania | Samoa | San Marino | São Tomé and Príncipe | Solomon Islands | Somalia | Suriname | Turkmenistan | United Arab Emirates | United Kingdom | Vietnam | Yemen | Zambia | Zimbabwe
84%
J Azerbaijan | Djibouti | Fiji | Tajikistan
84%
O Andorra | Angola | Barbados | Bolivia | Bosnia and Herzegovina | Botswana | Burkina Faso | Cambodia | Cameroon | Colombia | Comoros | Costa Rica | Croatia | Democratic Republic of the Congo | Djibouti | Dominica | Dominican Republic | East Timor | Ecuador | El Salvador | Equatorial Guinea | Estonia | Ethiopia | Federated States of Micronesia | Gabon | Georgia | Honduras | Indonesia | Ivory Coast | Jordan | Kosovo | Laos | Lebanon | Lesotho | Luxembourg | Mexico | Moldova | Monaco | Mongolia | Montenegro | Morocco | Mozambique | North Korea | North Macedonia | Norway | Poland | Portugal | Republic of the Congo | Romania | San Marino | São Tomé and Príncipe | Samoa | Sierra Leone | Singapore | Slovakia | Slovenia | Solomon Islands | Somalia | South Africa | South Korea | South Sudan | Togo | Tonga | Trinidad and Tobago | United Kingdom
80%
R Algeria | Andorra | Antigua and Barbuda | Argentina | Armenia | Australia | Austria | Azerbaijan | Bahrain | Barbados | Belarus | Bosnia and Herzegovina | Brazil | Brunei |Bulgaria | Burkina Faso | Burundi | Cameroon | Cape Verde | Central African Republic | Comoros | Costa Rica | Croatia | Cyprus | Czech Republic | Democratic Republic of the Congo | Denmark | Dominican Republic | East Timor | Ecuador | Equatorial Guinea | Eritrea | Federated States of Micronesia | France | Georgia | Germany | Greece | Grenada | Honduras | Hungary | Iran | Iraq | Ireland | Israel | Ivory Coast | Jordan | Kiribati | Kyrgyzstan | Liberia | Luxembourg | Madagascar | Marshall Islands | Mauritania | Mauritius | Montenegro | Morocco | Myanmar | Nauru | Netherlands | Nicaragua | Niger | Nigeria | North Korea | North Macedonia | Norway | Paraguay | Peru | Portugal | Qatar | Saint Vincent and the Grenadines | São Tomé and Príncipe | Saudi Arabia | Sierra Leone | Singapore | South Africa | South Korea | Sri Lanka | Suriname | Syria | Trinidad and Tobago | Turkey | Turkmenistan | Ukraine | Uruguay | United Arab Emirates
78%
C Democratic Republic of the Congo | Dominica | Dominican Republic | Ecuador | Federated States of Micronesia | France | Greece | Iceland | Ivory Coast | Jamaica | Liechtenstein | Madagascar | Mexico | Monaco | Morocco | Nicaragua | North Macedonia | Republic of the Congo | Saint Lucia | Saint Vincent and the Grenadines | Seychelles | South Africa | Vatican City
76%
K Burkina Faso | Denmark | North Korea | Pakistan | Saint Kitts and Nevis | Slovakia | South Korea | Sri Lanka | Tajikistan | Turkey | Turkmenistan | Ukraine | United Kingdom | Uzbekistan
71%
F Afghanistan | Burkina Faso | Central African Republic | Democratic Republic of the Congo | Republic of the Congo | South Africa
67%
P Cape Verde | Cyprus | Central African Republic | Czech Republic | Democratic Republic of the Congo | Dominican Republic | Egypt | Ethiopia | Japan | Nepal | Republic of the Congo | São Tomé and Príncipe | Singapore | Spain
65%
Q Equatorial Guinea | Iraq | Mozambique
65%
S Afghanistan | Australia | Austria | Bahamas | Bangladesh | Barbados | Belarus | Bosnia and Herzegovina | Botswana | Burkina Faso | Comoros | Costa Rica | Cyprus | East Timor | El Salvador | Estonia | Eswatini | Federated States of Micronesia | Guinea-Bissau | Honduras | Indonesia | Israel | Ivory Coast | Kazakhstan | Kosovo | Kyrgyzstan | Laos | Lesotho | Liechtenstein | Madagascar | Malaysia | Maldives | Marshall Islands | Mauritius | Netherlands | Pakistan | Philippines | Russia | Tajikistan | Tunisia | Turkmenistan | United Arab Emirates | United States | Uzbekistan
61%
T Afghanistan | Antigua and Barbuda | Argentina | Australia | Austria | Botswana | Bhutan | Central African Republic | Costa Rica | Croatia | Democratic Republic of the Congo | Djibouti | East Timor | Egypt | Equatorial Guinea | Eritrea | Estonia | Eswatini | Ethiopia | Federated States of Micronesia | Guatemala | Guatemala | Haiti | Italy | Ivory Coast | Kazakhstan | Kiribati | Kuwait | Kyrgyzstan | Latvia | Lesotho | Liechtenstein | Lithuania | Malta | Mauritania | Mauritius | Montenegro | Netherlands | North Korea | North Macedonia | Pakistan | Portugal | Qatar | Republic of the Congo | Saint Kitts and Nevis | Saint Lucia | Saint Vincent and the Grenadines | São Tomé and Príncipe | South Africa | South Korea | South Sudan | Switzerland | United Arab Emirates | United Kingdom | United States | Uzbekistan | Vanuatu | Vatican City | Vietnam
53%
Y Cyprus | Egypt | Germany | Guyana | Hungary | Italy | Ivory Coast | Kenya | Kyrgyzstan | Libya | Malaysia | Myanmar | Norway | Paraguay | Seychelles | Syria | Turkey | Uruguay | Vatican City
53%
W Botswana | Eswatini | Kuwait | Malawi | New Zealand | Papua New Guinea | Norway | Rwanda | Sweden | Switzerland | Taiwan | Zimbabwe
51%
X Luxembourg | Mexico
51%
U Antigua and Barbuda | Australia | Austria | Belarus | Belgium | Bhutan | Brunei | Bulgaria | Central African Republic | Cuba | Cyprus | Czech Republic | Democratic Republic of the Congo | Djibouti | Dominican Republic | Ecuador | Equatorial Guinea | Guatemala | Guinea | Guinea-Bissau | Guyana | Honduras | Hungary | Kuwait | Lithuania | Luxembourg | Mauritania | Mauritius | Mozambique | Nauru | Nicaragua | Palau | Papua New Guinea | Paraguay | Peru | Portugal | Republic of the Congo | Russia | Saint Lucia | Saudi Arabia | South Africa | South Korea | South Sudan | Sudan | Suriname | Tunisia | Turkey | Turkmenistan | Tuvalu | Vanuatu | Venezuela
49%
Z Azerbaijan | Belize | Bosnia and Herzegovina | Brazil | Czech Republic | Kazakhstan | Kyrgyzstan | Mozambique | New Zealand | Switzerland | Tanzania | Uzbekistan | Venezuela
47%
V Bosnia and Herzegovina | Bolivia | Cape Verde | El Salvador | Ivory Coast | Kosovo | Latvia | Maldives | Moldova | Saint Kitts and Nevis | Saint Vincent and the Grenadines | Slovakia | Slovenia | Tuvalu
43%
No matching quizzes found
Score Distribution
Percent of People with Each Score
Percentile by Number Answered
Your Score History
You have not taken this quiz